Laboratory manual of microbiology (Record no. 395193)

MARC details
000 -LEADER
fixed length control field 00498 a2200193 4500
005 - DATE & TIME
control field 20260202164141.0
008 - FIXED-LENGTH DATA ELEMENTS--GENERAL INFORMATION
fixed length control field 260202b |||||||| |||| 00| 0 eng d
020 ## - ISBN
International Standard Book Number 9788172337063
Price Rs. 1995.00
040 ## - CATALOGING SOURCE
Original cataloging agency VIVEKANANDA LIBRARY
082 ## - DDC NUMBER
Classification number 576
Book Number V837L
100 ## - MAIN ENTRY--PERSONAL NAME
Personal name Vivek Kumar
245 ## - TITLE STATEMENT
Title Laboratory manual of microbiology
260 ## - PUBLICATION, DISTRIBUTION, ETC. (IMPRINT)
Name of publisher, distributor, etc Scientific Publishers
Date of publication, distribution, etc 2024
Place of publication, distribution, etc Jodhpur
300 ## - PHYSICAL DESCRIPTION
Pages xi, 214
650 ## - Subject
Subject Microbiology
650 ## - Subject
Subject Microscope
650 ## - Subject
Subject Microbial Physiology
942 ## - ADDED ENTRY ELEMENTS (KOHA)
Koha item type Books
Holdings
Withdrawn status Lost status Source of classification or shelving scheme Damaged status Not for loan Location (home branch) Sublocation or collection (holding branch) Shelving location Date acquired Koha issues (times borrowed) Koha full call number Accession No. Koha date last seen Koha item type
    Dewey Decimal Classification     VIVEKANANDA LIBRARY VIVEKANANDA LIBRARY Vivekananda Library 06/01/2026   576 V837L 444117 06/01/2026 Books
© Designed and Maintained by Vivekananda Library, MDU Rohtak